000 00561nam a2200217Ia 4500
003 OSt
005 20221007123704.0
006 a|||||r|||| 00| 0
007 ta
008 221006b |||||||| |||| 00| 0 eng d
024 _a24417
037 _cTextual
040 _aPAPL
_cPAPL
_beng
041 _2eng
_aeng
082 _aU22.2.N3t4a, L3
100 _aVaidyanadhan
_9717606
245 0 _aIndex to a set of seventy aerial sterepaire
260 _c1973
942 _hU22.2.N3t4a, L3
_cTEXL
_2CC
999 _c1212323
_d1212323